Statistics for Countries with Cambodian embassies

Click here to take the quiz!

General Stats

  • This quiz has been taken 46 times
  • The average score is 21 of 24

Answer Stats

ContinentCountry% Correct
OceaniaAustralia
100%
EuropeFrance
98%
EuropeUnited Kingdom
95%
North AmericaUnited States of America
95%
AsiaVietnam
95%
AsiaChina
93%
EuropeGermany
93%
AsiaIndia
93%
AsiaJapan
93%
AsiaLaos
93%
Asia/ EuropeRussia
93%
AsiaThailand
93%
AsiaMalaysia
88%
AsiaSingapore
88%
AsiaSouth Korea
88%
AsiaIndonesia
85%
AsiaMyanmar
83%
North AmericaCuba
80%
Asiathe Philippines
76%
EuropeBelgium
73%
AsiaBrunei
73%
AsiaNorth Korea
71%
AfricaEgypt
61%
AsiaKuwait
54%

Score Distribution

Percentile by Number Answered

Percent of People with Each Score

Your Score History

You have not taken this quiz